000 00884nam a22002417a 4500
005 20090523152248.0
008 090523t xxu||||| |||| 00| 0 eng d
010 _aENG-93688
020 _a978813135256
_c695.00
035 _aEN-77221
037 _bDBAD / PUB
040 _adpl
_bEnglish
082 _a338.4791
100 _aChopra, Suhita
245 _aTourism and development in India /
_cby Suhita Chopra
260 _aNew Delhi
_bAPH Publishing
_c2009
270 _a4435-36/7, Ansari Road, Daryaganj,
_bNew Delhi
_e110002
300 _axi, 266p.
_c22cm(Hb)
500 _aIncludes references and index
650 _aTourism
_zIndia
942 _2ddc
_cEN
_mCHO
_h338.4791
999 _c26729
_d26729